000 02190cam a2200289 i 4500
003 OSt
005 20260220115445.0
008 260219q19001999pk g b 000 0 ara c
024 0 _a00000000990088
040 _aSA-JeALM
_bara
_cSA-RiAUC
_erda
050 4 _b.B37 1900z
082 0 4 _a250.76
_qSA-RiAUC
090 _a250.76
_bب ر ي
100 1 _aالبريلوي، أحمد رضا خان بن تقي علي،
_d1856-1921
_eمؤلف.
245 1 2 _aالرسائل :
_bصيقل الرين عن أحكام مجاورة الحرمين 1305 هـ، هادي الأضحية بالشاة الهندية1314 هـ، الصافية الموحية لحكم جلود الأضحية 1307 هـ/
_cلإمام أهل السنة الشيخ أحمد رضا خان القادري الحنفي.
250 _aالطبعة الأولى.
264 1 _aلاهور، باكستان :
_bمؤسسة رضا، الجامعة النظامية الرضوية،
_c[بين 1900 و1999]
300 _a114 صفحة ؛
_c24 سم.
336 _aنص
_btxt
_2rdacontent
_3كتاب
337 _aبدون وسيط
_bn
_2rdamedia
338 _aمجلد
_bnc
_2rdacarrier
504 _aيشتمل على إرجاعات ببليوجرافية.
520 _aيتناول كتاب (الرسائل) والذي قام بتأليفه الإمام أحمد رضا خان القادري الحنفي البريلوي، موضوع (الفقه) هذا الكتاب يضم ثلاثة من رسائل الإمام المجموعة وهي: "صيقل الرين عن أحكام مجاورة الحرمين" و "هادي الأضحية بالشاة الهندية" و "الصافية الموحية لحكم جلود الأضحية"، كل منها تحتوي على مسألة هامة اختلف فيها بعض العلماء من معاصريه، وسئل الإمام أحمد رضا عن هذه المسائل، فأجاب جوابا شافيا، موضحا لمشكلاتها وفاتحا لمغلقاتها، دالا على وفرة إطلاعه وطول باعه في العلوم الفقهية.
650 7 _aالإسلام
_vمتفرقات
_2aucsh
942 _2ddc
_cBOOK
_n0
949 _aSA-JeALM
_d260219
_uosman123
_n1
999 _c14389
_d14389